a-Konjugation: Indikativ Präsens Aktiv - Statistiken

Allgemein
  • Dieses Quiz wurde 38 mal gespielt
  • Das Durchschnittsergebnis liegt bei 8 aus 8
Antwortstatistiken
Group Hint Antwort % Korrekt
Präsens 2. Sg. laudas
100%
Präsens 1. Sg. laudo
100%
Präsens 1. Pl. laudamus
96%
Präsens 3. Sg. laudat
96%
Präsens 3. Pl. laudant
93%
Präsens 2. Pl. laudatis
93%
Imperative Imp. Sg. Präs. Akt. lauda
89%
Imperative Imp. Pl. Präs. Akt. laudate
86%
Keine übereinstimmenden Quizze gefunden
Verteilung der Resultate
Anzahl Personen mit jedem Resultat
Perzentil nach korrekt beantworteten Fragen
Ihre Resultats-Entwicklung
Sie haben dieses Quiz noch nicht gespielt